000 00332nam a2200145Ia 4500
003 OSt
005 20231109075347.0
008 170524s9999 xx 000 0 und d
020 _a0-07-011503-6
040 _cIIMT
100 _aCAVASELLI
245 0 _aQUALITY AND AMES FOR TRAIUN
260 _aTATA MC GRAW HILL
942 _2ddc
_c02
999 _c2027
_d2027